000 01749cam a2200205 4500
001 L125919
008 040422n2004 000 0 eng u
035 _a(Sirsi) u125919
100 _aMarsh, J.
245 4 _aThe prospects for UK agriculture in the new political and economic situation
260 _c2004
490 _aFarm Management
_v11(12) April 2004, 698-719(11)
520 _aFarming in the UK has been experiencing a period of rapid and radical change. This uncomfortable process is the outcome of a sustained period of economic growth that has changed the role of farming within the economy and the food supply chain. It has also reshaped public attitudes to the industry, from gratitude for greater assurance of food supply to anxiety about the impact of farming systems upon the safety of food, the environment and animal welfare. The growth in global population together with rising real incomes will certainly demand massive increases in food production but it seems improbable that this will realistically lead to a situation in which farm gate prices in the UK will rise greatly. More realistically farmers will have to adapt to more regulation and greater exposure to markets. Not all will choose or be able to respond in the same way. The paper discriminates between three broad types, commercial farmers, lifestyle farmers and residual farmers. Farmers need to think dispassionately about which of these types, if any, might correspond to their future in farming and plan their investment strategies accordingly. [Taken from journal abstract].
650 _aFARMING INDUSTRY
650 _aAGRICULTURAL MARKET
650 _aECONOMIC ISSUES
650 _aFARMERS
690 _aRURAL-AGRICULTURE AND FORESTRY
942 _n0
999 _c74374
_d74374